Agenda Ecolg̤ica Federal 2018

Bibliographic Details
Format: eBook
Language:Spanish
Published: Ciudad de Mx̌ico: Ediciones Fiscales ISEF, 2018
Subjects:
Online Access:Acceso restringido

MARC

LEADER 00000nam a22000007a 4500
005 20181124120125.0
007 cr|||| ||||
008 181124s2018 mx |||||s|||| 00||0 spa d
020 |a 978-607-406-945-7 
035 |a 22482 
040 |a vLex 
090 |c 8329  |d 8329 
245 0 0 |a Agenda Ecolg̤ica Federal 2018  |h [Recurso electrn̤ico] / 
256 |a Servicio en ln̕ea 
260 |a Ciudad de Mx̌ico:  |b Ediciones Fiscales ISEF,  |c 2018 
300 |a 1 recurso electrn̤ico 
506 1 |a Disponible solo en los productos indicados  |d vLex Global  |d vLex Global (Academic Edition, excluding Law Schools)  |d vLex Global (U.S. Academic Edition, Law Schools)  |d vLex Global (U.S. Academic Edition, excluding Law Schools)  |d vLex Global (Academic Edition, Law Schools) 
650 0 4 |a Derecho del Medio Ambiente  |z Mx̌ico 
740 0 |a vLex Libros (Servicio en ln̕ea) 
856 4 0 |u http://vlex.com/source/agenda-ecologica-federal-2018-22482  |z Acceso restringido 
942 |c BOOK 
999 0 |a Environmental Law